| 000 | 00000nam 2200000za 4500 |
| 001 | 9.696930 |
| 003 | CaOODSP |
| 005 | 20250506145324 |
| 007 | cr ||||||||||| |
| 008 | 150407|1988||||xxc|||||o f|0| 0 eng d |
| 040 | |aCaOODSP|beng |
| 043 | |an-cn--- |
| 086 | 1 |aA53-1713/1988E-PDF |
| 110 | 1 |aCanada.|bAgriculture Canada. |
| 245 | 10|aGrain handling on the farm / |h[electronic resource] |c[by] Paul D. Gebhardt. |
| 260 | |aOttawa - Ontario : |bAgriculture Canada |cc1988. |
| 300 | |a32p.|bfigs., graphs, tables, photographs |
| 500 | |aPublication 1713 E. |
| 590 | |a12-42-Supp|b2012-11-21 |
| 690 | 07|aAgricultural technology|2gcpds |
| 690 | 07|aHandling|2gcpds |
| 690 | 07|aStorage|2gcpds |
| 720 | 1 |aGebhardt, Paul D. |
| 775 | 08|tManutention du grain à la ferme / |w(CaOODSP)9.641009 |
| 856 | 40|ahttp://publications.gc.ca|qPDF|s1.75 MB|uhttps://publications.gc.ca/collections/collection_2012/agr/A53-1713-1988-eng.pdf |